000 00574nam a22001697a 4500
005 20251108164952.0
008 250721s1986 xx 000 0 ara d
082 1 4 _a657.3/يحي
100 1 _aأبو طالب، يحيى محمد
245 1 0 _aالمحاسبة الإدارية :
_bنظام للمعلومات لإتخاذ القرارات في مجالات التخطيط - الرقابة /
264 1 _aالقاهره :
_c1986.
300 _a288ص
650 1 7 _aالمحاسبة
650 1 7 _aالمحاسبة الإدارية
942 _2ddc
_cBK
999 _c18667
_d18667